Quick Pick: Overwatch Maps Quiz Stats

 Plays Quiz Updated May 26, 2018

Challenge
Share
Tweet
Embed
Score 0/14 Timer 01:30
4 Plays Today
% Correct
Watchpoint: Gibraltar
93.4%
Temple of Anubis
92.6%
Lijiang Tower
92.4%
King's Row
92.1%
Volskaya Industries
91.7%
Route 66
91.6%
Hanamura
89.8%
% Correct
Eichenwalde
89.4%
Hollywood
89.1%
Numbani
89.1%
Oasis
89%
Nepal
88.2%
Dorado
87.9%
Ilios
84.5%

Today's Daily Dose

Missing Word
New England Movies

Word Ladder
Royal Titles

Get the Picture
Big 4 'B' All-Stars

You're not logged in!

Compare scores with friends on all Sporcle quizzes.
OR
Log In

You Might Also Like...

Show Comments

Extras

Top Quizzes Today


Score Distribution

Your Account Isn't Verified!

In order to create a playlist on Sporcle, you need to verify the email address you used during registration. Go to your Sporcle Settings to finish the process.

Report this User

Report this user for behavior that violates our Community Guidelines.

Details: